Principles of corporate finance

Збережено в:
Бібліографічні деталі
Автор: Brealey, Richard A.
Формат: Книга
Опубліковано: MGH
Теги: Додати тег
Немає тегів, Будьте першим, хто поставить тег для цього запису!

MARC

LEADER 00000nam a2200000Ia 4500
005 20260515061618.0
100 |a Brealey, Richard A., 
020 |a 9789355325839 
942 |c BK 
245 |a Principles of corporate finance  
260 |b MGH 
999 |c 76  |d 76 
952 |0 0  |1 0  |4 0  |7 0  |a ABDN  |b ABDN  |d 2026-05-15  |l 0  |p 000077  |r 2026-05-15 06:16:18  |w 2026-05-15  |y BK